000 00281nam a2200121Ia 4500
008 190216s9999||||xx |||||||||||||| ||und||
100 _aArora C L
245 0 _aRefresher Course Series Physics
260 _bS Chand & Co
_c1986
300 _a404p
650 _aPhysics
942 _cBK
999 _c33041
_d33041